000
00249 a2200109 4500
001
63313
082
_a
670 SWI
100
_a
Swift, K G
245
_a
Process selection ; from design to manufacture
260
_a
London
_b
Arnold
_c
1997
300
_a
214
942
_a
NUST-CAE
_k
670 SWI
999
_c
298386
_d
298386